000 00420nam a2200145 i 4500
001 78933
003 ES-MaACL
007 t|
008 041018s1914 xxk ||||1| eng d
100 1 _aHazlitt, William.
_962232
245 1 0 _aTable talk or original essays /
_cWilliam Hazlitt.
260 _aLondon :
_b[s.n.,
_c1914] (
_eLetchworth :
_fThe Temple Press)
300 _aIX, 338 p. ;
_c18 cm.
852 _aES-MaACL
_jG-14676
999 _c78933
_d78933